000 00364nam a2200133Ia 4500
008 220204s9999 xx 000 0 und d
082 _a631.4:005
_bTAN
100 _aTandon, H L S
245 0 _aMethods on analysis of soils,plants,waters and fertilizers
260 _aDelhi
_bFDCA
_c1993
650 _aFertilizer analysis
650 _aWater analysis
942 _cBK
999 _c40602
_d40602